Diccionario jurídico Japonés-Español, Español-Japonés / (Record no. 88359)

MARC details
000 -LEADER
campo de control de longitud fija 01035cam a2200313Mi 4500
001 - NÚMERO DE CONTROL
campo de control 78689
003 - IDENTIFICADOR DE NÚMERO DE CONTROL
campo de control BJBSDDR
005 - FECHA Y HORA DE LA ÚLTIMA TRANSACCIÓN
campo de control 20240904163323.0
007 - CAMPO FIJO DE DESCRIPCIÓN FÍSICA--INFORMACIÓN GENERAL
campo de control de longitud fija ta
008 - DATOS DE LONGITUD FIJA--INFORMACIÓN GENERAL
campo de control de longitud fija 041116s2004 sp 000 0 mul d
020 ## - NÚMERO INTERNACIONAL ESTÁNDAR DEL LIBRO
Número Internacional Estándar del Libro 8497674553
020 ## - NÚMERO INTERNACIONAL ESTÁNDAR DEL LIBRO
Número Internacional Estándar del Libro 9788497674553
029 0# - OTRO NÚMERO DE CONTROL DE SISTEMA (OCLC)
Identificador de la biblioteca OCLC PL#
Número de control de sistema 8497674553
035 ## - NÚMERO DE CONTROL DEL SISTEMA
Número de control de sistema (OCoLC)ocm57057958
035 ## - NÚMERO DE CONTROL DEL SISTEMA
Número de control de sistema (OCoLC)57057958
040 ## - FUENTE DE CATALOGACIÓN
Centro catalogador/agencia de origen PL#
Lengua de catalogación spa
Centro/agencia transcriptor PL#
Centro/agencia modificador BNM
041 0# - CÓDIGO DE IDIOMA
Código de lengua del texto/banda sonora o título independiente spajpn
049 ## - FONDOS LOCALES (OCLC)
Biblioteca depositaria GRAL
050 14 - SIGNATURA TOPOGRÁFICA DE LA BIBLIOTECA DEL CONGRESO
Número de clasificación R K 52
Número de ítem B234d 2004
100 1# - ENTRADA PRINCIPAL--NOMBRE DE PERSONA
Nombre de persona Barberán, Francisco,
Fechas asociadas al nombre 1966-
9 (RLIN) 38285
245 10 - MENCIÓN DEL TÍTULO
Título Diccionario jurídico Japonés-Español, Español-Japonés /
Mención de responsabilidad, etc. Francisco Barberán ; prólogo: Antonio Garrigues Walker.
260 ## - PUBLICACIÓN, DISTRIBUCIÓN, ETC.
Lugar de publicación, distribución, etc. Cizur Menor (Navarra) :
Nombre del editor, distribuidor, etc. Thomson-Aranzadi :
-- Garrigues Cátedra, Universidad de Navarra,
Fecha de publicación, distribución, etc. c2004.
300 ## - DESCRIPCIÓN FÍSICA
Extensión 340 páginas ;
Dimensiones 21 cm.
650 #4 - PUNTO DE ACCESO ADICIONAL DE MATERIA--TÉRMINO DE MATERIA
Término de materia o nombre geográfico como elemento de entrada Derecho
Subdivisión de forma Diccionarios
Subdivisión general Japonés
9 (RLIN) 38286
650 #4 - PUNTO DE ACCESO ADICIONAL DE MATERIA--TÉRMINO DE MATERIA
Término de materia o nombre geográfico como elemento de entrada Español
Subdivisión de forma Diccionarios
Subdivisión general Japonés
9 (RLIN) 38287
700 1# - ENTRADA AGREGADA--NOMBRE PERSONAL
Nombre de persona Garrigues Walker, Antonio,
Fechas asociadas al nombre 1934-
Término indicativo de función/relación prologuista
9 (RLIN) 33739
942 ## - ELEMENTOS DE ENTRADA SECUNDARIOS (KOHA)
Fuente del sistema de clasificación o colocación Clasificación de Library of Congress
Tipo de ítem Koha Libro
946 ## - PROCESAMIENTO DE INFORMACIÓN LOCAL (OCLC)
a JCM
Holdings
Estatus retirado Estado de pérdida Fuente del sistema de clasificación o colocación Estado de daño No para préstamo Colección Biblioteca de origen Biblioteca actual Ubicación en estantería Fecha de adquisición Signatura topográfica completa Código de barras Visto por última vez Copia número Tipo de ítem Koha
    Clasificación de Library of Congress     Referencia Biblioteca Juan Bosch Biblioteca Juan Bosch Ciencias Sociales (3er. Piso) 10/04/2023 R K 52 B234d 2004 00000070786 17/11/2018 1 Libro